Framework Administered Account for Selected Fund Activities : African Development Bank Subaccount for Selected Fund Activities.

In March 2009, the Fund established a new Framework Administered Account to administer external financial resources for Selected Fund Activities (the "SFA Instrument"). The financing of activities under the terms of the SFA Instrument is implemented through the establishment and operation...

Popoln opis

Bibliografske podrobnosti
Korporativna značnica: International Monetary Fund
Format: Revija
Jezik:English
Izdano: Washington, D.C. : International Monetary Fund, 2011.
Serija:Policy Papers; Policy Paper ; No. 2011/040
Online dostop:Full text available on IMF
LEADER 01608cas a2200241 a 4500
001 AALejournalIMF020270
008 230101c9999 xx r poo 0 0eng d
020 |c 5.00 USD 
020 |z 9781498338820 
022 |a 2663-3493 
040 |a BD-DhAAL  |c BD-DhAAL 
110 2 |a International Monetary Fund. 
245 1 0 |a Framework Administered Account for Selected Fund Activities :   |b African Development Bank Subaccount for Selected Fund Activities. 
264 1 |a Washington, D.C. :  |b International Monetary Fund,  |c 2011. 
300 |a 1 online resource (4 pages) 
490 1 |a Policy Papers 
500 |a <strong>Off-Campus Access:</strong> No User ID or Password Required 
500 |a <strong>On-Campus Access:</strong> No User ID or Password Required 
506 |a Electronic access restricted to authorized BRAC University faculty, staff and students 
520 3 |a In March 2009, the Fund established a new Framework Administered Account to administer external financial resources for Selected Fund Activities (the "SFA Instrument"). The financing of activities under the terms of the SFA Instrument is implemented through the establishment and operation of a subaccount within the SFA. This paper requests Executive Board approval to establish the African Development Bank (the 'AfDB') Subaccount for Selected Fund Activities (the 'Subaccount') under the terms of the SFA instrument. 
538 |a Mode of access: Internet 
830 0 |a Policy Papers; Policy Paper ;  |v No. 2011/040 
856 4 0 |z Full text available on IMF  |u http://elibrary.imf.org/view/journals/007/2011/040/007.2011.issue-040-en.xml  |z IMF e-Library